000 00842ngm a22002890a 4500
001 PT42250
003 AR-LpoUNG
005 20210201235929.0
007 vd cvaizq
008 191001s1985||||ag |||||||||||||||||spa d
037 _c$5
040 _aAR-LpoUNG
_bspa
_cAR-LpoUNG
_eaacr
041 _aspa
044 _aag
082 0 _a927 779ata
100 1 _aMontes Baquer, José
_edir.
245 1 0 _aAtahualpa Yupanqui :
_bun río que no cesa de cantar
260 _aBuenos Aires :
_bPágina 12,
_c1985.
300 _aDVD (49 min.) : son., col.
520 _aUn film autobiografico. Incluye testimonios de Silvio Rodríguez, Vicente Feliú, León Gieco, César Isella, Pablo Guayasamín y Patricio Manns.
650 4 _aARGENTINA
650 4 _aBIOGRAFIAS
653 _aDVD
653 _aVIDEOS
905 _a42250
942 _cDVD
999 _c53793
_d53793